<?xml version="1.0" encoding="UTF-8"?>
<record
    xmlns:xsi="http://www.w3.org/2001/XMLSchema-instance"
    xsi:schemaLocation="http://www.loc.gov/MARC21/slim http://www.loc.gov/standards/marcxml/schema/MARC21slim.xsd"
    xmlns="http://www.loc.gov/MARC21/slim">

  <leader>02941njm0a2200433   4500</leader>
  <controlfield tag="001">RU\NLR\ONIZ\196851</controlfield>
  <controlfield tag="005">20250708192203.0</controlfield>
  <datafield tag="035" ind1=" " ind2=" ">
    <subfield code="a">(NLR Aleph) 010404611</subfield>
  </datafield>
  <datafield tag="071" ind1="0" ind2="0">
    <subfield code="a">&#x421;62-22805-6</subfield>
  </datafield>
  <datafield tag="090" ind1=" " ind2=" ">
    <subfield code="a">13282218</subfield>
    <subfield code="c">13282218</subfield>
  </datafield>
  <datafield tag="100" ind1=" " ind2=" ">
    <subfield code="a">20120119d1985    |||y0rusy50      ca</subfield>
  </datafield>
  <datafield tag="102" ind1=" " ind2=" ">
    <subfield code="a">RU</subfield>
  </datafield>
  <datafield tag="126" ind1=" " ind2=" ">
    <subfield code="a">abuxcxu      ux</subfield>
    <subfield code="b">xxx</subfield>
  </datafield>
  <datafield tag="127" ind1=" " ind2=" ">
    <subfield code="a">000016</subfield>
  </datafield>
  <datafield tag="135" ind1=" " ind2=" ">
    <subfield code="a">honoannnanndn</subfield>
  </datafield>
  <datafield tag="200" ind1="1" ind2=" ">
    <subfield code="a">&#x41F;&#x435;&#x441;&#x43D;&#x438; &#x411;&#x443;&#x43B;&#x430;&#x442;&#x430; &#x41E;&#x43A;&#x443;&#x434;&#x436;&#x430;&#x432;&#x44B; &#x438; &#x415;&#x432;&#x433;&#x435;&#x43D;&#x438;&#x44F; &#x411;&#x430;&#x447;&#x443;&#x440;&#x438;&#x43D;&#x430;</subfield>
    <subfield code="b">&#x417;&#x432;&#x443;&#x43A;&#x43E;&#x437;&#x430;&#x43F;&#x438;&#x441;&#x44C;</subfield>
    <subfield code="f">&#x438;&#x441;&#x43F;&#x43E;&#x43B;&#x43D;.: &#x42E;. &#x421;&#x43B;&#x43E;&#x431;&#x43E;&#x434;&#x43A;&#x438;&#x43D;</subfield>
    <subfield code="g">&#x441;&#x43E;&#x43F;&#x440;&#x43E;&#x432;&#x43E;&#x436;&#x434;.: &#x410;. &#x41C;&#x430;&#x440;&#x447;&#x435;&#x43D;&#x43A;&#x43E;, &#x433;&#x438;&#x442;&#x430;&#x440;&#x430;, &#x441;&#x438;&#x43D;&#x442;&#x435;&#x437;&#x430;&#x442;&#x43E;&#x440;, &#x43A;&#x43B;&#x430;&#x432;&#x435;&#x441;&#x438;&#x43D;</subfield>
  </datafield>
  <datafield tag="210" ind1=" " ind2=" ">
    <subfield code="a">&#x41C;&#x43E;&#x441;&#x43A;&#x432;&#x430;</subfield>
    <subfield code="c">&#x41C;&#x435;&#x43B;&#x43E;&#x434;&#x438;&#x44F;</subfield>
    <subfield code="d">1985</subfield>
  </datafield>
  <datafield tag="215" ind1=" " ind2=" ">
    <subfield code="a">1 &#x433;&#x440;&#x43F;. [&#x413;&#x41E;&#x421;&#x422; 5289-80] (16 &#x43C;&#x438;&#x43D;): 33 &#x43E;&#x431;/&#x43C;&#x438;&#x43D;, &#x441;&#x442;&#x435;&#x440;&#x435;&#x43E;; 17, 5, &#x432; &#x43A;&#x43E;&#x43D;&#x432;.</subfield>
  </datafield>
  <datafield tag="327" ind1="1" ind2=" ">
    <subfield code="a">1. &#x428;&#x430;&#x445;&#x43C;&#x430;&#x442;&#x44B; &#x43D;&#x430; &#x431;&#x430;&#x43B;&#x43A;&#x43E;&#x43D;&#x435; / &#x441;&#x43B;. &#x430;&#x432;&#x442;. ; &#x415;. &#x412;. &#x411;&#x430;&#x447;&#x443;&#x440;&#x438;&#x43D; ;</subfield>
    <subfield code="a">2. &#x41F;&#x435;&#x441;&#x43D;&#x44F; &#x43E; &#x433;&#x43E;&#x43B;&#x443;&#x431;&#x43E;&#x43C; &#x448;&#x430;&#x440;&#x435; / &#x441;&#x43B;. &#x430;&#x432;&#x442;. ; &#x415;. &#x411;&#x430;&#x447;&#x443;&#x440;&#x438;&#x43D;.</subfield>
    <subfield code="a">3. &#x41D;&#x435; &#x43A;&#x43B;&#x43E;&#x43D;&#x438;&#x441;&#x44C;-&#x43A;&#x430; , &#x442;&#x44B; &#x433;&#x43E;&#x43B;&#x43E;&#x432;&#x443;&#x448;&#x43A;&#x430; / &#x411;. &#x428;. &#x41E;&#x43A;&#x443;&#x434;&#x436;&#x430;&#x432;&#x430; ;</subfield>
    <subfield code="a">4. &#x427;&#x443;&#x434;&#x435;&#x441;&#x43D;&#x44B;&#x439; &#x432;&#x430;&#x43B;&#x44C;&#x441; / &#x411;. &#x428;. &#x41E;&#x43A;&#x443;&#x434;&#x436;&#x430;&#x432;&#x430;</subfield>
  </datafield>
  <datafield tag="464" ind1=" " ind2="0">
    <subfield code="1">2001#$a&#x428;&#x430;&#x445;&#x43C;&#x430;&#x442;&#x44B; &#x43D;&#x430; &#x431;&#x430;&#x43B;&#x43A;&#x43E;&#x43D;&#x435;$f&#x441;&#x43B;. &#x430;&#x432;&#x442;.$g&#x415;. &#x412;. &#x411;&#x430;&#x447;&#x443;&#x440;&#x438;&#x43D;</subfield>
    <subfield code="1">701#1$9z01790$a&#x411;&#x430;&#x447;&#x443;&#x440;&#x438;&#x43D;$b&#x415;. &#x412;.$g&#x415;&#x432;&#x433;&#x435;&#x43D;&#x438;&#x439; &#x412;&#x43B;&#x430;&#x434;&#x438;&#x43C;&#x438;&#x440;&#x43E;&#x432;&#x438;&#x447;$f1934$4590</subfield>
    <subfield code="1">790#1$9z01701$aBachurin$bE.$gEugenij$f1934$4590</subfield>
    <subfield code="t">&#x428;&#x430;&#x445;&#x43C;&#x430;&#x442;&#x44B; &#x43D;&#x430; &#x431;&#x430;&#x43B;&#x43A;&#x43E;&#x43D;&#x435;</subfield>
  </datafield>
  <datafield tag="464" ind1=" " ind2="0">
    <subfield code="1">2001#$a&#x41F;&#x435;&#x441;&#x43D;&#x44F; &#x43E; &#x433;&#x43E;&#x43B;&#x443;&#x431;&#x43E;&#x43C; &#x448;&#x430;&#x440;&#x435;$f&#x441;&#x43B;. &#x430;&#x432;&#x442;.$g&#x415;. &#x411;&#x430;&#x447;&#x443;&#x440;&#x438;&#x43D;</subfield>
    <subfield code="1">701#1$9z01790$a&#x411;&#x430;&#x447;&#x443;&#x440;&#x438;&#x43D;$b&#x415;. &#x412;.$g&#x415;&#x432;&#x433;&#x435;&#x43D;&#x438;&#x439; &#x412;&#x43B;&#x430;&#x434;&#x438;&#x43C;&#x438;&#x440;&#x43E;&#x432;&#x438;&#x447;$f1934$4230</subfield>
    <subfield code="1">790#1$9z01701$aBachurin$bE.$gEugenij$f1934$4230</subfield>
    <subfield code="t">&#x41F;&#x435;&#x441;&#x43D;&#x44F; &#x43E; &#x433;&#x43E;&#x43B;&#x443;&#x431;&#x43E;&#x43C; &#x448;&#x430;&#x440;&#x435;</subfield>
  </datafield>
  <datafield tag="464" ind1=" " ind2="0">
    <subfield code="1">2001#$a&#x41D;&#x435; &#x43A;&#x43B;&#x43E;&#x43D;&#x438;&#x441;&#x44C;-&#x43A;&#x430; , &#x442;&#x44B; &#x433;&#x43E;&#x43B;&#x43E;&#x432;&#x443;&#x448;&#x43A;&#x430;$f&#x411;. &#x428;. &#x41E;&#x43A;&#x443;&#x434;&#x436;&#x430;&#x432;&#x430;</subfield>
    <subfield code="1">701#1$9z01790$a&#x41E;&#x43A;&#x443;&#x434;&#x436;&#x430;&#x432;&#x430;$b&#x411;. &#x428;.$g&#x411;&#x443;&#x43B;&#x430;&#x442; &#x428;&#x430;&#x43B;&#x432;&#x43E;&#x432;&#x438;&#x447;$f1924-1997$4520</subfield>
    <subfield code="1">790#1$9z01701$aOkudzhava$bB.$gBulat$f1924-1997$4520</subfield>
    <subfield code="t">&#x41D;&#x435; &#x43A;&#x43B;&#x43E;&#x43D;&#x438;&#x441;&#x44C;-&#x43A;&#x430; , &#x442;&#x44B; &#x433;&#x43E;&#x43B;&#x43E;&#x432;&#x443;&#x448;&#x43A;&#x430;</subfield>
  </datafield>
  <datafield tag="464" ind1=" " ind2="0">
    <subfield code="1">2001#$a&#x427;&#x443;&#x434;&#x435;&#x441;&#x43D;&#x44B;&#x439; &#x432;&#x430;&#x43B;&#x44C;&#x441;$f&#x411;. &#x428;. &#x41E;&#x43A;&#x443;&#x434;&#x436;&#x430;&#x432;&#x430;</subfield>
    <subfield code="1">701#1$9z01790$a&#x41E;&#x43A;&#x443;&#x434;&#x436;&#x430;&#x432;&#x430;$b&#x411;. &#x428;.$g&#x411;&#x443;&#x43B;&#x430;&#x442; &#x428;&#x430;&#x43B;&#x432;&#x43E;&#x432;&#x438;&#x447;$f1924-1997$4520</subfield>
    <subfield code="1">790#1$9z01701$aOkudzhava$bB.$gBulat$f1924-1997$4520</subfield>
    <subfield code="t">&#x427;&#x443;&#x434;&#x435;&#x441;&#x43D;&#x44B;&#x439; &#x432;&#x430;&#x43B;&#x44C;&#x441;</subfield>
  </datafield>
  <datafield tag="606" ind1="1" ind2=" ">
    <subfield code="a">&#x410;&#x432;&#x442;&#x43E;&#x440;&#x441;&#x43A;&#x430;&#x44F; &#x43F;&#x435;&#x441;&#x43D;&#x44F;</subfield>
    <subfield code="y">&#x420;&#x43E;&#x441;&#x441;&#x438;&#x44F;</subfield>
    <subfield code="2">nlr_sh</subfield>
  </datafield>
  <datafield tag="686" ind1=" " ind2=" ">
    <subfield code="a">&#x429;943.4, 8(2)</subfield>
    <subfield code="v">LBC/SL</subfield>
    <subfield code="2">rubbk</subfield>
  </datafield>
  <datafield tag="686" ind1=" " ind2=" ">
    <subfield code="a">&#x429;943.4-041.5&#x44F;43(2&#x420;=&#x420;)</subfield>
    <subfield code="v">LBC/SL</subfield>
    <subfield code="2">rubbk</subfield>
  </datafield>
  <datafield tag="700" ind1=" " ind2="1">
    <subfield code="9">z10790</subfield>
    <subfield code="a">&#x421;&#x43B;&#x43E;&#x431;&#x43E;&#x434;&#x43A;&#x438;&#x43D;</subfield>
    <subfield code="b">&#x42E;. &#x41F;.</subfield>
    <subfield code="f">1939</subfield>
    <subfield code="g">&#x42E;&#x43B;&#x438;&#x439; &#x41F;&#x430;&#x432;&#x43B;&#x43E;&#x432;&#x438;&#x447;</subfield>
    <subfield code="4">590</subfield>
    <subfield code="4">vma</subfield>
  </datafield>
  <datafield tag="702" ind1=" " ind2="1">
    <subfield code="9">z07790</subfield>
    <subfield code="a">&#x41C;&#x430;&#x440;&#x447;&#x435;&#x43D;&#x43A;&#x43E;</subfield>
    <subfield code="b">&#x410;.</subfield>
    <subfield code="c">&#x433;&#x438;&#x442;&#x430;&#x440;&#x430;, &#x441;&#x438;&#x43D;&#x442;&#x435;&#x437;&#x430;&#x442;&#x43E;&#x440;</subfield>
    <subfield code="g">&#x410;&#x43B;&#x435;&#x43A;&#x441;&#x430;&#x43D;&#x434;&#x440;</subfield>
    <subfield code="4">590</subfield>
  </datafield>
  <datafield tag="790" ind1=" " ind2="1">
    <subfield code="9">z07702</subfield>
    <subfield code="a">Marchenko</subfield>
    <subfield code="b">A.</subfield>
    <subfield code="c">guitar</subfield>
    <subfield code="g">Alexandr</subfield>
    <subfield code="4">590</subfield>
  </datafield>
  <datafield tag="790" ind1=" " ind2="1">
    <subfield code="9">z10700</subfield>
    <subfield code="a">Slobodkin</subfield>
    <subfield code="b">Yu. P.</subfield>
    <subfield code="f">1939</subfield>
    <subfield code="g">Yulij Pavlovich</subfield>
    <subfield code="4">590</subfield>
    <subfield code="4">vma</subfield>
  </datafield>
  <datafield tag="801" ind1=" " ind2="0">
    <subfield code="a">RU</subfield>
    <subfield code="b">NLR</subfield>
    <subfield code="c">20120119</subfield>
    <subfield code="g">PSBO</subfield>
  </datafield>
  <datafield tag="801" ind1=" " ind2="1">
    <subfield code="a">RU</subfield>
    <subfield code="b">NLR</subfield>
    <subfield code="c">20120119</subfield>
    <subfield code="2">rusmarc</subfield>
  </datafield>
  <datafield tag="801" ind1=" " ind2="2">
    <subfield code="a">RU</subfield>
    <subfield code="b">NLR</subfield>
    <subfield code="c">20151105</subfield>
  </datafield>
  <datafield tag="852" ind1=" " ind2=" ">
    <subfield code="a">NLR</subfield>
    <subfield code="b">&#x41C;&#x433;</subfield>
    <subfield code="j">1/785</subfield>
    <subfield code="p">35073</subfield>
    <subfield code="t">1</subfield>
  </datafield>
  <datafield tag="942" ind1=" " ind2=" ">
    <subfield code="c">REC</subfield>
  </datafield>
  <datafield tag="980" ind1=" " ind2=" ">
    <subfield code="a">NB</subfield>
  </datafield>
  <datafield tag="980" ind1=" " ind2=" ">
    <subfield code="a">ONIZ</subfield>
  </datafield>
  <datafield tag="995" ind1=" " ind2=" ">
    <subfield code="5">2012-01-19</subfield>
    <subfield code="b">NLR01</subfield>
    <subfield code="c">NLR01</subfield>
    <subfield code="e">ONIZ</subfield>
    <subfield code="k">1/785 1/785</subfield>
    <subfield code="o">0</subfield>
    <subfield code="r">REC</subfield>
    <subfield code="s">1785_1785</subfield>
  </datafield>
</record>
